000
00277nam a22000977a 4500
082
_a
720.23
_b
ENG
_c
L-40, P-49
245
_a
Architectural Design Details
260
_a
Rawalpindi
_b
Engineer in Chief's Branch
_c
c2001
526
_a
0
_b
0
_c
0
_d
720_230000000000000_ENG
942
_2
ddc
_c
BK
999
_c
549176
_d
549176